Biology and Ecology of predaceous coccinellids with special reference to their incidence in response to aphid population and temperature / (Record no. 80284)
[ view plain ]
| 000 -LEADER | |
|---|---|
| fixed length control field | 00901nam a22002297a 4500 |
| 001 - CONTROL NUMBER | |
| RUCL Control Number | 80284 |
| 003 - CONTROL NUMBER IDENTIFIER | |
| rucl marc code | BD-RjUL |
| 005 - DATE AND TIME OF LATEST TRANSACTION | |
| control field | 20230418121710.0 |
| 008 - FIXED-LENGTH DATA ELEMENTS--GENERAL INFORMATION | |
| fixed length control field | 220901s1984 bg a|||| m||| 00| 0 eng d |
| 035 ## - SYSTEM CONTROL NUMBER | |
| system control number | (BD-RjUL)80284 |
| 040 ## - CATALOGING SOURCE | |
| Original cataloging agency | BD-RjUL |
| Language of cataloging | eng |
| Transcribing agency | BD-RjUL |
| Modifying agency | BD-RjUL |
| 041 ## - LANGUAGE CODE | |
| Language code of Book | eng |
| 082 ## - DEWEY DECIMAL CLASSIFICATION NUMBER | |
| DDC Edition number | 23 |
| Classification number | 595.769 |
| Author mark and Year | RAB 1984 |
| 100 ## - MAIN ENTRY--PERSONAL NAME | |
| Personal name | Rahman, A. S. M. Shafiqur |
| 9 (RLIN) | 3723 |
| 245 10 - TITLE STATEMENT | |
| Title | Biology and Ecology of predaceous coccinellids with special reference to their incidence in response to aphid population and temperature / |
| Statement of responsibility, etc | By A. S. M. Shafiqur Rahman ; |
| Name of Supervisor/Co-Supervisor | Supervisor : M. A. Quayum |
| 260 ## - PUBLICATION, DISTRIBUTION, ETC. (IMPRINT) | |
| Place of publication, distribution, etc | Rajshahi : |
| Name of publisher, distributor, etc | Department of Zoology, University of Rajshahi, |
| Date of publication, distribution, etc | 1984 |
| 300 ## - PHYSICAL DESCRIPTION | |
| Pagination | [8], 105 leaves : |
| Other physical details | ill, ; |
| Dimensions | 29.cm. |
| 502 ## - DISSERTATION NOTE | |
| Dissertation note | Thesis (M. Phil.) -- Department of Zoology, University of Rajshahi, 1984 |
| 650 ## - SUBJECT ADDED ENTRY--TOPICAL TERM | |
| Topical term or geographic name as entry element | Coccinellidae |
| 9 (RLIN) | 4599 |
| 700 ## - ADDED ENTRY--SUPERVISOR/CO-SUPERVISOR NAME | |
| Personal name | Quayum, M. A. Supervisor |
| 9 (RLIN) | 4539 |
| 942 ## - ADDED ENTRY ELEMENTS (KOHA) | |
| Source of classification or shelving scheme | Dewey Decimal Classification |
| Koha item type | Theses |
| Source of classification or shelving scheme | Damaged status | Not for loan | Collection code | Permanent Location | Current Location | Shelving location | Date of accession | Source of acquisition | Total Checkouts | Full call number | Barcode | Date last seen | Copy number | Thesis |
|---|---|---|---|---|---|---|---|---|---|---|---|---|---|---|
| Dewey Decimal Classification | Not For Loan | Theses | Central Library, University of Rajshahi | Central Library, University of Rajshahi | Documentation Section | Controller of Exam. R.U. | THE 595.769 RAB 1984 | D1118 | 01/09/2022 | C1 | Theses |